|
|
|
|
| LEADER |
00945nam a2200265 a 4500 |
| 001 |
GR-Patra7960 |
| 008 |
991022s gr 000 b eng d |
| 020 |
|
|
|a 0443042284
|
| 040 |
|
|
|a GrPaTEI
|b gre
|c GR-PaULI
|
| 245 |
0 |
0 |
|a Health visiting and elderly people :
|b хa иhealth promotion challenge.
|
| 250 |
|
|
|a 2nd ed.
|
| 260 |
|
|
|a Edinburgh :
|b Churchill Livingstone,
|c c1991
|
| 300 |
|
|
|a vi,334σ.
|
| 650 |
|
0 |
|a Health promotion
|
| 650 |
|
4 |
|a ΠΡΟΑΓΩΓΗ ΥΓΕΙΑΣ
|
| 650 |
|
4 |
|a ΥΓΙΕΙΝΗ
|
| 650 |
|
4 |
|a ΥΓΙΕΙΝΗ
|
| 700 |
1 |
|
|a Denham, Michael J.
|
| 700 |
1 |
|
|a McClymont, Mary E.
|
| 700 |
1 |
|
|a Thomas, Silvea E.
|
| 710 |
0 |
|
|a Churchill Livingstone
|
| 942 |
|
|
|2 ddc
|
| 952 |
|
|
|0 0
|1 0
|2 ddc
|4 0
|6 613_000000000000000_MCC
|7 0
|9 289028
|a LISK
|b LISK
|c BSC
|d 2021-01-17
|e 24
|f 0
|g 0.00
|l 0
|o 613 McC
|p 92410011317
|r 2021-01-17 00:00:00
|t 1
|w 2021-01-17
|y BK15
|x 19991024 0 1
|x GrPaTEI
|
| 971 |
|
|
|a .b26554756
|b 15-04-20
|c 23-09-16
|
| 999 |
|
|
|c 168660
|d 168660
|